|
|
|
|
| LEADER |
00000nam0a2200000 4500 |
| 001 |
254217 |
| 005 |
20231101232921.0 |
| 010 |
|
|
|a 50200001945
|
| 035 |
|
|
|a (RuTPU)RU\TPU\book\276649
|
| 090 |
|
|
|a 254217
|
| 100 |
|
|
|a 20140319d1989 k y0rusy50 ca
|
| 101 |
0 |
|
|a rus
|
| 102 |
|
|
|a RU
|
| 105 |
|
|
|a a z 001zy
|
| 200 |
1 |
|
|a Исследования по химическим лазерам
|f Академия наук СССР (АН СССР), Физический институт им. П. Н. Лебедева (ФИАН) ; под ред. Н. Г. Басова, А. Н. Ораевского
|
| 210 |
|
|
|a Москва
|c Наука
|d 1989
|
| 215 |
|
|
|a 216 с.
|c ил.
|
| 225 |
1 |
|
|a Труды физического института им. П. Н. Лебедева (ФИАН)
|v Т. 194
|
| 320 |
|
|
|a Библиогр.: с. 207-211.
|
| 606 |
1 |
|
|a Лазеры химические
|2 stltpush
|3 (RuTPU)RU\TPU\subj\39833
|9 59738
|
| 610 |
1 |
|
|a исследования
|
| 610 |
1 |
|
|a импульсные лазеры
|
| 610 |
1 |
|
|a энергетические характеристики
|
| 610 |
1 |
|
|a КПД
|
| 610 |
1 |
|
|a нейтроны
|
| 610 |
1 |
|
|a водород
|
| 675 |
|
|
|a 621.373.826.038.824
|v 3
|
| 702 |
|
1 |
|a Басов
|b Н. Г.
|4 340
|
| 702 |
|
1 |
|a Ораевский
|b А. Н.
|4 340
|
| 712 |
0 |
2 |
|a Академия наук СССР (АН СССР)
|b Физический институт им. П. Н. Лебедева (ФИАН)
|c (Москва)
|2 stltpush
|3 (RuTPU)RU\TPU\col\13766
|
| 801 |
|
1 |
|a RU
|b 63413507
|c 20140319
|
| 801 |
|
2 |
|a RU
|b 63413507
|c 20210723
|g RCR
|
| 942 |
|
|
|c BK
|